| 000 | 00370nam a2200145Ia 4500 | ||
|---|---|---|---|
| 008 | 230917s9999||||xx |||||||||||||| ||und|| | ||
| 040 |
_e53678 _aMAIN |
||
| 041 | _aEnglish | ||
| 082 | _a547.2 Ap75I | ||
| 100 | _aApsimon, John, ed. | ||
| 245 | 0 | _aTotal synthesis of natural products. V3 | |
| 260 |
_aNew York _bJohn Wiley _c1977 |
||
| 300 | _aix, 566 p. | ||
| 942 | _cBK | ||
| 999 |
_c177912 _d177912 |
||